00552nam a2200145Ia 4500008004100000245014200041260003500183260000900218300000800227650001800235650001500253856004600268999001900314952007300333170221s9999 xx 000 0 und d aPerceived Poll Bias and Inference of Biased Poll Impact in the 2010 U.S. Midterm Elections: Media Performance in the Eyes of the Beholder bThe Open Communication Journal c2013 a7 : xCommunication xMedia Arts uhttps://benthamopen.com/TOCOMMJ/VOLUME/7/ c307260d307260 001040aCLbCLd2017-02-21l0r2017-02-21 00:00:00w2017-02-21yFOJ